000 00618nam a2200229 a 4500
001 0001-1431
003 ELIB.Books
008 170321 2010 eng
020 _aKBTS
035 _a(ELIB.Books)0001-1586
092 _aThesis Hay
100 _aHay Hgay, Saw.
245 _aYouth and Church Development of Ka Thaw Bwe Karen Baptist Church:Taungoo Than Daung Bwe Mo Bwar Association
260 _aKBTS
_bKBTS Library
_c2016
300 _c29.7 Cm
650 _aThesis
856 _nKBTS Library
_uKBTS: ELIB
942 _2ddc
_cBK
990 _a1
998 _cbat
_e2017-03-21
999 _c11431
_d11431